| 000 | 00530nam a2200205Ia 4500 | ||
|---|---|---|---|
| 003 | GCL | ||
| 008 | 140319s9999 xx 000 0 eng d | ||
| 040 |
_aGCL / _cGCL |
||
| 082 | 0 | 4 |
_a745.92 _bW F |
| 100 | 1 | _aWENDT, SUE | |
| 245 | 1 | 0 |
_aFLOWERS AND PLANTS AT HOME / _cWENDT, SUE |
| 260 |
_a[S.N] : _bAUSTRALIAN CONSOLIDATED PRESS |
||
| 300 | _a124 P | ||
| 650 | 0 | 4 | _aINTERIOR DECORATION |
| 650 | 0 | 4 | _aDECORATIVE ARTS |
| 650 | 0 | 4 | _aHOUSE PLANTS |
| 650 | 0 | 4 | _aFLOWER ARRANGING |
| 650 | 0 | 4 | _aINDOOR GARDENING |
| 942 |
_2ddc _cBK |
||
| 999 |
_c14115 _d14115 |
||